Electronics sourcebook for technicians and engineers / (Record no. 60490)
[ view plain ]
| 000 -LEADER | |
|---|---|
| fixed length control field | 01257pam a2200313 a 4500 |
| 001 - CONTROL NUMBER | |
| control field | 3369224 |
| 003 - CONTROL NUMBER IDENTIFIER | |
| control field | NUST-PNEC |
| 005 - DATE AND TIME OF LATEST TRANSACTION | |
| control field | 20170116180659.0 |
| 008 - FIXED-LENGTH DATA ELEMENTS--GENERAL INFORMATION | |
| fixed length control field | 871221s1988 nyua bf 001 0 eng |
| 010 ## - LIBRARY OF CONGRESS CONTROL NUMBER | |
| LC control number | 87033626 |
| 020 ## - INTERNATIONAL STANDARD BOOK NUMBER | |
| International Standard Book Number | 0070335591 (pbk.) : |
| Terms of availability | $22.95 |
| 040 ## - CATALOGING SOURCE | |
| Original cataloging agency | DLC |
| Transcribing agency | PNEC |
| Modifying agency | DLC |
| 050 00 - LIBRARY OF CONGRESS CALL NUMBER | |
| Classification number | TK7825 |
| Item number | .E38 1988 |
| 082 00 - DEWEY DECIMAL CLASSIFICATION NUMBER | |
| Classification number | 621.381 KAU |
| 245 00 - TITLE STATEMENT | |
| Title | Electronics sourcebook for technicians and engineers / |
| Statement of responsibility, etc. | editors in chief, Milton Kaufman, Arthur H. Seidman ; Perry J. Sheneman, associate editor. |
| 260 ## - PUBLICATION, DISTRIBUTION, ETC. | |
| Place of publication, distribution, etc. | New York : |
| Name of publisher, distributor, etc. | McGraw-Hill, |
| Date of publication, distribution, etc. | c1988. |
| 300 ## - PHYSICAL DESCRIPTION | |
| Extent | 1 v. (various pagings) : |
| Other physical details | ill. ; |
| Dimensions | 23 cm. |
| 500 ## - GENERAL NOTE | |
| General note | http://www.amazon.com/Electronics-Sourcebook-Technicians-Engineers-Kaufman/dp/0070335591/ref=sr_1_1?s=books&ie=UTF8&qid=1410002898&sr=1-1&keywords=0070335591 |
| 500 ## - GENERAL NOTE | |
| General note | Condensed ed. of: Handbook for electronics engineering technicians. 2nd ed. c1984. |
| 504 ## - BIBLIOGRAPHY, ETC. NOTE | |
| Bibliography, etc. note | Includes bibliographies and index. |
| 650 #0 - SUBJECT ADDED ENTRY--TOPICAL TERM | |
| Topical term or geographic name entry element | Electronics |
| General subdivision | Handbooks, manuals, etc. |
| 650 #0 - SUBJECT ADDED ENTRY--TOPICAL TERM | |
| General subdivision | EL |
| 700 1# - ADDED ENTRY--PERSONAL NAME | |
| Personal name | Kaufman, Milton. |
| 700 1# - ADDED ENTRY--PERSONAL NAME | |
| Personal name | Seidman, Arthur H. |
| 700 1# - ADDED ENTRY--PERSONAL NAME | |
| Personal name | Sheneman, Perry J. |
| 730 0# - ADDED ENTRY--UNIFORM TITLE | |
| Uniform title | Handbook for electronics engineering technicians. |
| 906 ## - LOCAL DATA ELEMENT F, LDF (RLIN) | |
| a | 7 |
| b | cbc |
| c | orignew |
| d | 1 |
| e | ocip |
| f | 19 |
| g | y-gencatlg |
| 942 ## - ADDED ENTRY ELEMENTS (KOHA) | |
| Source of classification or shelving scheme | |
| Koha item type | Book |
| Withdrawn status | Lost status | Source of classification or shelving scheme | Damaged status | Not for loan | Permanent Location | Current Location | Date acquired | Source of acquisition | Cost, normal purchase price | Total Checkouts | Full call number | Barcode | Date last seen | Cost, replacement price | Price effective from | Koha item type |
|---|---|---|---|---|---|---|---|---|---|---|---|---|---|---|---|---|
| Pakistan Navy Engineering College (PNEC) | Pakistan Navy Engineering College (PNEC) | 10/31/1991 | Royal Book Company | 613.73 | 621.381 KAU | PNECLIB-011974 | 09/06/2014 | 613.73 | 10/31/1991 | Book |
